000 00458nam a2200145 4500
999 _c4768
_d4768
008 150904b xxu||||| |||| 00| 0 eng d
020 _a0884873293
050 _aTL 553.5.W66 2003
100 _aWood, Richard H.
_d2003.
245 _aAviation safety programs:
_b A management handbook.
250 _a3rd ed.
260 _aColorado,
_bJeppesen,
_c2003.
300 _ax,299(3) p.:
_bill.;
_c23cm.
650 _2Aeronautics--Human factors
942 _2lcc
_cBOOKS
_hTL 553.5.W66 2003